RC Deportivo de La Coruña Squad 2012-2013 - Statistics

General Stats
  • This quiz has been taken 19 times
  • The average score is 10 of 33
Answer Stats
# Position Nation Player % Correct
1 GK Spain Daniel Aranzubia
75%
21 MF Spain Juan Carlos Valerón
75%
- Coach Spain Fernando Vázquez
63%
2 DF Spain Manuel Pablo
63%
- Coach Portugal Domingos Paciência
50%
13 GK Argentina Germán Lux
50%
20 MF Spain Jesús Vázquez
50%
9 MF Portugal Pizzi
50%
11 FW Spain Riki
50%
23 FW Equatorial Guinea Rodolfo Bodipo
50%
5 DF Portugal Zé Castro
50%
16 FW Portugal Bruno Gama
38%
22 FW Portugal Diogo Salomão
38%
10 MF Spain Juan Domínguez
38%
23 DF Brazil Kaká
38%
15 DF Spain Laure
38%
4 MF Spain Álex Bergantiños
25%
28 DF Spain Pablo Insua
25%
7 MF Spain Saúl
25%
14 MF Colombia Abel Aguilar
13%
24 DF Spain Carlos Marchena
13%
3 DF Brazil Evaldo
13%
- Coach Spain José Luis Oltra
13%
25 FW Portugal Nélson Oliveira
13%
19 DF Portugal Roderick Miranda
13%
19 DF Portugal Sílvio
13%
29 DF Portugal Tiago Pinto
13%
8 MF Portugal André Santos
0%
17 DF Spain Ayoze Díaz
0%
6 DF Spain Aythami Artiles
0%
33 DF Spain Diego Seoane
0%
18 FW Spain Javier Camuñas
0%
12 MF Brazil Paulo Assunção
0%
No matching quizzes found
Score Distribution
Percent of People with Each Score
Percentile by Number Answered
Your Score History
You have not taken this quiz